El adolescente y sus problemas: esté alerta

Salvato in:
Dettagli Bibliografici
Autori principali: Peláez, Paula (Autore), Luengo, Ximena (Autore)
Natura: Libro
Lingua:spagnolo
Pubblicazione: Santiago Andrés Bello 1991
Soggetti:
Tags: Aggiungi Tag
Nessun Tag, puoi essere il primo ad aggiungerne!!

MARC

LEADER 00000nam a2200000 a 4500
001 UCW6372
003 CL-VaPUC
008 911129e19910000CL |||||||||||||||||spa|d
082 0 4 |a 155.5  |b PEL  |2 21 
100 0 |a Peláez, Paula  |e author  |9 311426 
700 0 |a Luengo, Ximena  |e author  |9 311427 
245 1 3 |a El adolescente y sus problemas: esté alerta 
300 |a 93 p 
942 |c BK 
945 |d 19911129 00:00:00 
260 |a Santiago  |b Andrés Bello  |c 1991 
650 0 |a Psicología del adolescente   |9 307864 
650 0 |a Adolescentes  |x Conductas  |9 311428 
583 |a last modification  |c 19911129 00:00:00  |k Rodrigo Vera 
999 |c 219454  |d 219452 
952 |0 0  |1 0  |4 0  |6 155_500000000000000_PEL_1991  |7 0  |8 A  |9 210392  |a BIBEDU  |b BIBEDU  |d 2019-11-15  |i 2785129  |o 155.5 PEL 1991  |p 2785129  |r 2019-11-15  |w 2019-11-15  |y BK  |k EDU 
952 |0 0  |1 0  |4 0  |6 155_500000000000000_PEL_1991  |7 0  |8 A  |9 210393  |a BIBEDU  |b BIBEDU  |d 2019-11-15  |i 2785137  |o 155.5 PEL 1991  |p 2785137  |r 2019-11-15  |w 2019-11-15  |y BK  |k EDU